00551nam a22001457a 4500003000400000005001700004008004100021040001400062100002500076245013400101260001000235300002800245500010100273504003100374OSt20171010095433.0120521t xxu||||| |||| 00| 0 eng d aMMSUcULS aAquino, Kristine M.  aEvaluation of zymomonas mobilis strains for ethanol production from sweet sorghum (Sorghum bicolor) jaggery cKristine M. Aquino  c2007  axv. 46 leaves c28 cm.  aThesis (BS Biology) -- Mariano Marcos State University-College of Arts and Sciences, Batac City  aBibliography: leaves 30-31